| 000 | 00562cab a2200217 4500 | ||
|---|---|---|---|
| 001 | X659 | ||
| 008 | 090401t1993 xxu||||| |||| 00| 0 eng d | ||
| 035 | _a(Sirsi) u66856 | ||
| 041 | _aeng | ||
| 100 | _aAmos, J. | ||
| 245 | _aElectricity generation for the future | ||
| 260 | _c1993 | ||
| 350 | _a0 | ||
| 490 |
_aFaculty of Building Journal _vSpring 1993, 25-28(4) |
||
| 650 | _aCHP | ||
| 650 | _aCOMBINED HEAT AND POWER | ||
| 650 | _aELECTICITY GENERATION | ||
| 690 | _aENVIRONMENTAL AND LAND CONSULTANCY-ENERGY | ||
| 942 | _n0 | ||
| 948 | _c04/03/1997 | ||
| 999 |
_c41780 _d41780 |
||